[Event "Alexandria op 22nd"]
[Site "Alexandria"]
[Date "2017.08.06"]
[Round "6"]
[White "Gabr, Mohsen"]
[Black "Sobhy, Raafat"]
[Result "1-0"]
[WhiteElo "2313"]
[BlackElo "2155"]
[PlyCount "88"]
[EventDate "2017.08.02"]
[EventType "swiss"]
[EventRounds "10"]
[EventCountry "EGY"]
[SourceTitle "CBM 180 Extra"]
[Source "ChessBase"]
[SourceDate "2017.10.06"]
[SourceVersion "1"]
[SourceVersionDate "2017.10.06"]
[SourceQuality "1"]

1. Nf3 Nf6 2. g3 g6 3. Bg2 Bg7 4. c4 c5 5. Nc3 Nc6 6. 0-0 d6 7. e3 Be6 8. d3 h6 9. e4 Bg4 10. h3 Bxf3 11. Bxf3 0-0 12. Bg2 a6 13. Be3 Rb8 14. Qd2 Kh7 15. f4 Nd7 16. Kh2 b5 17. cxb5 axb5 18. Ne2 Qb6 19. Rab1 Qa6 20. Ra1 b4 21. h4 Nf6 22. Bf3 h5 23. Kg2 Qc8 24. Rac1 Ng4 25. Bg1 Qa6 26. b3 Bh6 27. Bxg4 hxg4 28. Be3 f5 29. exf5 gxf5 30. d4 Nxd4 31. Bxd4 cxd4 32. Nxd4 Qb7+ 33. Kh2 Qd5 34. Rc7 Rb7 35. Rxb7 Qxb7 36. Ne6 Rc8 37. Rf2 Rc3 38. Ng5+ Bxg5 39. fxg5 Qc6 40. g6+ Kg7 41. Qg5 Rf3 42. Re2 e5 43. h5 Qd7 44. h6+ Kg8 1-0